Airport Planning and Design (Record no. 176341)

MARC details
000 -LEADER
fixed length control field 00480nam a2200193Ia 4500
008 - FIXED-LENGTH DATA ELEMENTS--GENERAL INFORMATION
fixed length control field 240823s9999||||xx |||||||||||||| ||und||
020 ## - INTERNATIONAL STANDARD BOOK NUMBER
International Standard Book Number 81-85240-68-X
082 ## - DEWEY DECIMAL CLASSIFICATION NUMBER
-- 629.136 N9
100 ## - MAIN ENTRY--PERSONAL NAME
Personal name Khanna S K et al.
245 #0 - TITLE STATEMENT
Title Airport Planning and Design
250 ## - EDITION STATEMENT
Edition statement 6th
260 ## - PUBLICATION, DISTRIBUTION, ETC. (IMPRINT)
Date of publication, distribution, etc 1999
Name of publisher, distributor, etc "New Chand,Roorkee "
500 ## - GENERAL NOTE
General note YES
650 ## - SUBJECT ADDED ENTRY--TOPICAL TERM
Topical term or geographic name as entry element Airport Planning
942 ## - ADDED ENTRY ELEMENTS (KOHA)
Item type Books
Holdings
Withdrawn status Lost status Damaged status Permanent location Current location Date acquired Source of acquisition Cost, normal purchase price Full call number Barcode Date last seen Koha item type
      CENTRAL LIBRARY, NOORUL ISLAM CENTRE FOR HIGHER EDUCATION CENTRAL LIBRARY, NOORUL ISLAM CENTRE FOR HIGHER EDUCATION 01/31/2007 Higginbothams Private Ltd 125.00 629.136 N9 29974 08/23/2024 Books
Visitors:
Copyright © 2024 Central Library NICHE.  All rights reserved.